<?xml version="1.0" encoding="UTF-8"?>
<record
    xmlns:xsi="http://www.w3.org/2001/XMLSchema-instance"
    xsi:schemaLocation="http://www.loc.gov/MARC21/slim http://www.loc.gov/standards/marcxml/schema/MARC21slim.xsd"
    xmlns="http://www.loc.gov/MARC21/slim">

  <leader>02834cam a22004454i 4500</leader>
  <controlfield tag="003">PE-LiUPU</controlfield>
  <controlfield tag="005">20250731165422.0</controlfield>
  <controlfield tag="008">160113s2014    pe a   grm    000 0 spa d</controlfield>
  <datafield tag="035" ind1=" " ind2=" ">
    <subfield code="a">(Sirsi) a155714</subfield>
  </datafield>
  <datafield tag="040" ind1=" " ind2=" ">
    <subfield code="a">PE-LiUPU</subfield>
    <subfield code="b">spa</subfield>
    <subfield code="c">PE-LiUPU</subfield>
    <subfield code="e">rda</subfield>
  </datafield>
  <datafield tag="099" ind1=" " ind2=" ">
    <subfield code="a">TF 3</subfield>
    <subfield code="b">R35 2014</subfield>
  </datafield>
  <datafield tag="100" ind1="1" ind2=" ">
    <subfield code="a">Regalado Troncoso, Luz Mar&#xED;a</subfield>
    <subfield code="e">autor</subfield>
  </datafield>
  <datafield tag="245" ind1="1" ind2=" ">
    <subfield code="a">Relaci&#xF3;n entre el funcionamiento familiar y la edad del inicio sexual de los estudiantes del 3&#xB0; a 5&#xB0; grado de secundaria de la Instituci&#xF3;n Educativa Particular Adventista Chiclayo /</subfield>
    <subfield code="c">Luz Mar&#xED;a Regalado Troncoso.</subfield>
  </datafield>
  <datafield tag="264" ind1=" " ind2="0">
    <subfield code="c">2014.</subfield>
  </datafield>
  <datafield tag="300" ind1=" " ind2=" ">
    <subfield code="a">202 hojas : </subfield>
    <subfield code="b">ilustraciones;</subfield>
    <subfield code="c">30 cm</subfield>
  </datafield>
  <datafield tag="336" ind1=" " ind2=" ">
    <subfield code="a">text</subfield>
    <subfield code="2">rdacontent</subfield>
  </datafield>
  <datafield tag="337" ind1=" " ind2=" ">
    <subfield code="a">unmediated</subfield>
    <subfield code="2">rdamedia</subfield>
  </datafield>
  <datafield tag="338" ind1=" " ind2=" ">
    <subfield code="a">volume</subfield>
    <subfield code="2">rdacarrier</subfield>
  </datafield>
  <datafield tag="502" ind1=" " ind2=" ">
    <subfield code="a">Tesis</subfield>
    <subfield code="b">(Mg.) -- </subfield>
    <subfield code="c">Universidad Peruana Uni&#xF3;n,</subfield>
    <subfield code="d">2014.</subfield>
  </datafield>
  <datafield tag="504" ind1=" " ind2=" ">
    <subfield code="a">Incluye bibliograf&#xED;a</subfield>
  </datafield>
  <datafield tag="520" ind1="3" ind2=" ">
    <subfield code="a">En la presente investigaci&#xF3;n se formul&#xF3; el siguiente problema: &#xBF;cu&#xE1;l es la relaci&#xF3;n entre el funcionamiento familiar y la edad de inicio sexual de los estudiantes del 3&#xB0; al 5&#xB0; Grado de Secundaria de la Instituci&#xF3;n Educativa Particular Adventista Chiclayo, 2013? y el objetivo principal fue: determinar la relaci&#xF3;n entre el funcionamiento familiar y la edad de inicio sexual de los estudiantes del 3&#xB0; al 5&#xB0; Grado de Secundaria de la Instituci&#xF3;n Educativa Adventista de Chiclayo, 2013. El trabajo es de tipo transversal, descriptivo-correlacional, participaron 109 estudiantes, a los cuales se les aplic&#xF3; el instrumento de investigaci&#xF3;n denominado Cuestionario para escolares de Educaci&#xF3;n Secundaria, el cual contiene informaci&#xF3;n general, la escala de evaluaci&#xF3;n de cohesi&#xF3;n y adaptabilidad familiar (FACES III), que mide el funcionamiento familiar en t&#xE9;rmino se cohesi&#xF3;n y adaptabilidad y, por &#xFA;ltimo, el cuestionario de inicio sexual (CISEX) que informa acerca de la edad del estudiante al ocurrir el hecho mencionado. En conclusi&#xF3;n, el estudio mostr&#xF3; un inicio sexual temprano del 7,3% entre los 13 y 15 a&#xF1;os de edad,  y no hay relaci&#xF3;n significativa entre el funcionamiento familiar en t&#xE9;rminos de cohesi&#xF3;n y adaptabilidad con la edad del inicio sexual de los estudiantes del tercero al quinto grado de secundaria de la Instituci&#xF3;n Educativa Adventista, Chiclayo, 2013.</subfield>
  </datafield>
  <datafield tag="526" ind1=" " ind2=" ">
    <subfield code="a">SEG44</subfield>
  </datafield>
  <datafield tag="526" ind1=" " ind2=" ">
    <subfield code="a">SEG26</subfield>
  </datafield>
  <datafield tag="526" ind1=" " ind2=" ">
    <subfield code="a">P151</subfield>
  </datafield>
  <datafield tag="526" ind1=" " ind2=" ">
    <subfield code="a">P150</subfield>
  </datafield>
  <datafield tag="526" ind1=" " ind2=" ">
    <subfield code="a">P149</subfield>
  </datafield>
  <datafield tag="526" ind1=" " ind2=" ">
    <subfield code="a">P146</subfield>
  </datafield>
  <datafield tag="526" ind1=" " ind2=" ">
    <subfield code="a">P145</subfield>
  </datafield>
  <datafield tag="526" ind1=" " ind2=" ">
    <subfield code="a">P126</subfield>
  </datafield>
  <datafield tag="526" ind1=" " ind2=" ">
    <subfield code="a">P125</subfield>
  </datafield>
  <datafield tag="526" ind1=" " ind2=" ">
    <subfield code="a">P92</subfield>
  </datafield>
  <datafield tag="526" ind1=" " ind2=" ">
    <subfield code="a">P75</subfield>
  </datafield>
  <datafield tag="526" ind1=" " ind2=" ">
    <subfield code="a">P74</subfield>
  </datafield>
  <datafield tag="526" ind1=" " ind2=" ">
    <subfield code="a">P27</subfield>
  </datafield>
  <datafield tag="526" ind1=" " ind2=" ">
    <subfield code="a">P15</subfield>
  </datafield>
  <datafield tag="650" ind1="0" ind2="4">
    <subfield code="a">Relaciones familiares</subfield>
    <subfield code="x">Adolescentes</subfield>
    <subfield code="x">Conducta sexual</subfield>
    <subfield code="v">Tesis.</subfield>
  </datafield>
  <datafield tag="596" ind1=" " ind2=" ">
    <subfield code="a">1</subfield>
  </datafield>
  <datafield tag="942" ind1=" " ind2=" ">
    <subfield code="2">ddc</subfield>
    <subfield code="c">TESIS</subfield>
  </datafield>
  <datafield tag="999" ind1=" " ind2=" ">
    <subfield code="a">TF 3 R35 2014</subfield>
    <subfield code="w">ALPHANUM</subfield>
    <subfield code="c">8389</subfield>
    <subfield code="i">T01558</subfield>
    <subfield code="l">CCODEBUL3</subfield>
    <subfield code="m">BUL</subfield>
    <subfield code="r">1</subfield>
    <subfield code="s">Y</subfield>
    <subfield code="t">TESIS</subfield>
    <subfield code="u">2016-1-13</subfield>
    <subfield code="x">POSGRADO</subfield>
    <subfield code="P">P54</subfield>
    <subfield code="o">.STAFF. Tesis</subfield>
    <subfield code="d">8389</subfield>
  </datafield>
  <datafield tag="980" ind1=" " ind2=" ">
    <subfield code="8">1</subfield>
    <subfield code="g">ALBERTO SANCHEZ Responsable de Automatizaci&#xF3;n</subfield>
  </datafield>
  <datafield tag="952" ind1=" " ind2=" ">
    <subfield code="r">2022-07-06 00:00:00</subfield>
    <subfield code="l">0</subfield>
    <subfield code="o">TF 3 R35 2014</subfield>
    <subfield code="p">T01558</subfield>
    <subfield code="t">e1</subfield>
    <subfield code="w">2016-01-13</subfield>
    <subfield code="x">PG</subfield>
    <subfield code="y">TESIS</subfield>
    <subfield code="z">Este &#xCD;tem NO se presta por ser Ejemplar #1.</subfield>
    <subfield code="1">0</subfield>
    <subfield code="2">ddc</subfield>
    <subfield code="7">1</subfield>
    <subfield code="8">TESIS</subfield>
    <subfield code="f">P54</subfield>
    <subfield code="a">BUL</subfield>
    <subfield code="b">BUL</subfield>
    <subfield code="c">TESIS</subfield>
    <subfield code="d">2016-01-13</subfield>
  </datafield>
</record>
